| 000 | 01696nam a22004097a 4500 | ||
|---|---|---|---|
| 003 | CHAP | ||
| 005 | 20220817044215.0 | ||
| 008 | 080404s2007 us a r 00010 eng d | ||
| 010 | _a94671 | ||
| 011 | _a95643 | ||
| 020 | _a0821364960 | ||
| 035 | _a106272 | ||
| 040 | _cCHAP | ||
| 082 | 0 | 4 |
_a382.41 _bM2 |
| 100 | 0 | 0 |
_aMcCalla, Alex F. _e, ed. _973360 |
| 245 | 1 | 0 |
_aReforming agricultural trade for developing countries _c/edited by Alex F. McCalla & John Nash |
| 260 |
_aWashington, DC : _bThe World Bank, _c2007 |
||
| 300 |
_a2 v. _bgráfs. ; tablas |
||
| 490 | 0 | _aAgriculture and Rural Development | |
| 500 | _av.1 Key issues for a pro-development outcome of the Doha round -- v.2 Quantifying the impact of multilateral trade reform | ||
| 590 |
_aBATCH-UPD _b10 _c20130110 _lUCH01 _h0534 |
||
| 590 |
_aBATCH-UPD _b10 _c20130110 _lUCH01 _h2356 |
||
| 590 |
_aBATCH-UPD _b10 _c20130410 _lUCH01 _h0214 |
||
| 590 |
_aBATCH-UPD _b10 _c20130914 _lUCH01 _h1017 |
||
| 590 |
_aCONVERSION _b10 _c20130109 _lUCH01 _h1352 |
||
| 650 | 1 | 4 |
_aAgricultura _xAsia. _91194 |
| 650 | 1 | 4 |
_aComercio internacional. _925641 |
| 650 | 1 | 4 |
_aPolítica económica _xPaíses subdesarrollados. |
| 700 | 1 |
_aNash, John _eed. _980266 |
|
| 830 | 0 |
_aAgriculture and Rural Development _92122 |
|
| 901 | _aBK | ||
| 942 | _cLIBRO | ||
| 949 |
_a382.41 M2 v.1 _bBC _cLIBRO _d33724002050660 _eLIBRO _gI c/e _h109353 _i106272 _sb _t$492.75 |
||
| 949 |
_a382.41 M2 v.2 _bBC _cLIBRO _d33724002055347 _eLIBRO _gI c/e _h109572 _i106272 _sb _t$492.75 |
||
| 949 |
_a382.41 M2 v.2 _bBC _cLIBRO _d33724002068983 _eLIBRO _fc.2 _gI.c/e _h110291 _i106272 _sb _t$495.00 |
||
| 949 |
_a382.41 M2 v.2 _bBC _cLIBRO _d33724002069025 _eLIBRO _fc.3 _gI.c/e _h110292 _i106272 _sb _t$495.00 |
||
| 999 |
_c94671 _d94671 |
||